| 000 | 00751nam a2200217 a 4500 | ||
|---|---|---|---|
| 001 | BRCA_1788 | ||
| 005 | 20190320203542.0 | ||
| 008 | 001004s1996 mx-a---###---f000-0#spa-# | ||
| 020 | _a968364630 | ||
| 040 |
_aDLC _cDLC |
||
| 050 | 4 |
_aLE7.M4 _b.S26 1996 |
|
| 245 | 1 | 0 |
_aSanto y seña de los recintos históricos de la Universidad de México _ccoordinación editorial Malena Mijares ; redacción Yolanda Bravo Saldaña. |
| 260 |
_aMéxico _bUNAM _c1996 |
||
| 300 |
_a109 p. _bil. a color _c32 cm. |
||
| 500 | _aColección Sonia Corcuera de Mancera | ||
| 610 | 2 | 4 |
_aUniversidad Nacional Autónoma de México _vTrabajos Ilustrados _95576 |
| 700 | 1 |
_aMijares, Malena _95577 |
|
| 700 | 1 |
_aBravo Saldaña, Yolanda _95578 |
|
| 902 | _aDSC | ||
| 942 |
_2lcc _cB |
||
| 999 |
_c1570 _d1570 |
||